| 000 | 00343nam a2200133Ia 4500 | ||
|---|---|---|---|
| 008 | 191201s1999 xx 000 0 und d | ||
| 082 |
_a677.02864 _bVES |
||
| 100 | _aVENKATASUBRAMANI, A | ||
| 245 | 0 | _aSpun Yarn Technology (Carding) | |
| 260 |
_aN.Delhi _bSaravana Publication _c1999 |
||
| 300 | _a293 | ||
| 650 | _aB.Tech(TE) | ||
| 942 |
_2ddc _cBK |
||
| 999 |
_c3415 _d3415 |
||